[Event "4NCL Div 2 2024-25"]
[Site "England ENG"]
[Date "2025.01.25"]
[Round "3.35"]
[White "Eagleton, Greg T"]
[Black "Thompson, Ian D"]
[Result "0-1"]
[BlackTitle "FM"]
[WhiteElo "2009"]
[BlackElo "2018"]
[WhiteTeam "Chessable White Rose 2"]
[BlackTeam "Crowthorne A"]
[WhiteFideId "422460"]
[BlackFideId "405205"]
[EventDate "2024.11.23"]

1. d4 d5 2. Nf3 Nf6 3. g3 c6 4. Bg2 Bf5 5. Nbd2 e6 6. O-O Be7 7. c4 Nbd7 8. Nh4
Bg4 9. Re1 Bh5 10. Nhf3 O-O 11. a3 h6 12. b3 Bg6 13. Bb2 Rc8 14. Ne5 Nxe5 15.
dxe5 Nd7 16. Rc1 f6 17. exf6 Bxf6 18. Bxf6 Qxf6 19. Nf3 Rce8 20. Rf1 Qb2 21. Nh4
Bh7 22. cxd5 exd5 23. Bxd5+ cxd5 24. Qxd5+ Rf7 25. Rc7 Re7 26. Qxb7 Be4 27. Qxa7
Qxe2 28. Qe3 Qxe3 29. fxe3 Ne5 30. Rxf7 Rxf7 31. Rc8+ Rf8 32. Rc5 Ng4 33. Rc3
Nf2 34. h3 Nxh3+ 35. Kh2 Ng5 36. g4 Rf2+ 37. Kg3 Ra2 38. b4 Bb1 39. Kf4 Nf7 40.
Nf5 g6 41. Rc8+ Kh7 42. Rc7 gxf5 43. Rxf7+ Kg6 44. Ra7 fxg4 45. Kxg4 Bf5+ 46.
Kf4 Rf2+ 47. Kg3 Rf1 48. b5 h5 49. a4 Rb1 50. Ra8 Rb4 51. Rg8+ Kf6 52. Rh8 Kg5
53. Rg8+ Kh6 54. Rh8+ Kg6 55. Rg8+ Kf7 56. Rg5 h4+ 57. Kf3 Kf6 58. Rg8 Rxa4 59.
Rh8 Rb4 60. b6 h3 61. Kg3 Ke5 62. Re8+ Be6 63. Rb8 Rg4+ 64. Kf3 Rh4 0-1

[Event "4NCL Div 2 2024-25"]
[Site "England ENG"]
[Date "2025.01.25"]
[Round "3.36"]
[White "Noyce, Robert C"]
[Black "Burnett, Jim"]
[Result "1/2-1/2"]
[WhiteElo "2065"]
[BlackElo "2065"]
[WhiteTeam "Crowthorne A"]
[BlackTeam "Chessable White Rose 2"]
[WhiteFideId "403059"]
[BlackFideId "402273"]
[EventDate "2024.11.23"]

1. c4 e6 2. e4 d5 3. exd5 exd5 4. cxd5 Nf6 5. Nc3 Nxd5 6. d4 Be7 7. Bc4 Nb6 8.
Bb3 O-O 9. Be3 Nc6 10. Nge2 Bf5 11. O-O Na5 12. Bc2 Bxc2 13. Qxc2 Nac4 14. Bf4
c6 15. b3 Nd6 16. Rad1 Rc8 17. Qd3 Ne8 18. d5 cxd5 19. Nxd5 Nxd5 20. Qxd5 Qxd5
21. Rxd5 Nf6 22. Rd2 Bb4 23. Rd4 Bc5 24. Rd3 Rfe8 25. Nc3 a6 26. a4 Rcd8 27.
Rxd8 Rxd8 28. Rd1 Rxd1+ 29. Nxd1 Kf8 1/2-1/2

[Event "4NCL Div 2 2024-25"]
[Site "England ENG"]
[Date "2025.01.25"]
[Round "3.37"]
[White "Wills, Tom"]
[Black "Tart, Peter K"]
[Result "1-0"]
[WhiteElo "1991"]
[BlackElo "1885"]
[WhiteTeam "Chessable White Rose 2"]
[BlackTeam "Crowthorne A"]
[WhiteFideId "458651"]
[BlackFideId "471070"]
[EventDate "2024.11.23"]

1. e4 e5 2. Nf3 Nf6 3. Nxe5 Nxe4 4. Qe2 Qe7 5. Qxe4 d6 6. d4 dxe5 7. dxe5 Nc6 8.
Nc3 Qxe5 9. Qxe5+ Nxe5 10. Bf4 Bd6 11. Bg3 f6 12. O-O-O Be6 13. Nb5 Rd8 14.
Nxd6+ Rxd6 15. Rxd6 cxd6 16. Be2 Bd5 17. f3 Ke7 18. Re1 Kd7 19. Rd1 Bc6 20. Bf2
Kc7 21. b3 h5 22. Be1 h4 23. h3 Ng6 24. Rd4 Re8 25. Kd2 Rh8 26. Rg4 Rh6 27. Bd3
Be8 28. Kd1 Kc6 29. Bd2 Ne5 30. Rxg7 Rh8 31. Be2 a6 32. Be1 Ng6 33. Bd2 Rh5 34.
f4 Rh8 35. Bf3+ d5 36. c4 1-0

[Event "4NCL Div 2 2024-25"]
[Site "England ENG"]
[Date "2025.01.25"]
[Round "3.38"]
[White "Shek, Daniel"]
[Black "Jaufarally, Nadia"]
[Result "0-1"]
[WhiteElo "1844"]
[BlackElo "1939"]
[WhiteTeam "Crowthorne A"]
[BlackTeam "Chessable White Rose 2"]
[WhiteFideId "457817"]
[BlackFideId "443727"]
[EventDate "2024.11.23"]

1. c4 e5 2. Nc3 Nf6 3. Nf3 Nc6 4. e4 Bc5 5. Nxe5 Nxe5 6. d4 Bxd4 7. Qxd4 Nc6 8.
Qd1 h6 9. Bf4 O-O 10. Be2 Re8 11. f3 b6 12. Qd2 d6 13. O-O-O Ne5 14. g4 Ba6 15.
b3 Nh7 16. h4 Ng6 17. Bg3 Bb7 18. Nd5 Bxd5 19. cxd5 a6 20. Kb1 Qe7 21. Qd4 Qf6
22. Qxf6 Nxf6 23. Bd3 Ne5 24. Bxe5 dxe5 25. Rc1 Re7 26. g5 Ne8 27. gxh6 gxh6 28.
Rc6 Nd6 29. Rhc1 Ra7 30. Kc2 f6 31. Kd2 Rg7 32. Ke3 Kf8 33. Be2 f5 34. exf5
Nxf5+ 35. Kd3 Nd6 36. Bf1 Rf7 37. Ke3 Kg7 38. Bh3 Kf8 39. Rg1 Rg7 40. Rxg7 Kxg7
41. f4 Kf6 42. f5 Rb7 43. Kf3 h5 44. a4 a5 45. Rc1 Nxf5 46. Bxf5 Kxf5 47. Rg1 b5
48. Rg5+ Kf6 49. Rxh5 bxa4 50. bxa4 Rb3+ 51. Ke2 Rb4 52. Rh7 Rxa4 53. h5 Rc4 54.
Kd3 Rd4+ 55. Kc3 Rxd5 56. Rxc7 Kg5 57. Kc4 Rd1 58. Re7 Kf6 59. Ra7 a4 60. h6
Rd4+ 61. Kc3 Rh4 62. h7 a3 63. Kb3 Rh3+ 64. Ka2 e4 65. Rxa3 Rxh7 66. Kb2 Rc7 67.
Ra8 Ke5 68. Re8+ Kd4 69. Rd8+ Ke3 70. Kb3 Ke2 71. Kb2 e3 72. Kb3 Ke1 73. Kb2 Rf7
74. Kc3 e2 75. Rh8 Kf2 76. Rh2+ Ke3 77. Rh1 Rf1 78. Rh3+ Kf4 79. Rh4+ Ke5 0-1

[Event "4NCL Div 2 2024-25"]
[Site "England ENG"]
[Date "2025.01.25"]
[Round "3.41"]
[White "Rees, Ioan"]
[Black "Tanmay, Chopra"]
[Result "1/2-1/2"]
[WhiteTitle "FM"]
[BlackTitle "FM"]
[WhiteElo "2288"]
[BlackElo "2357"]
[WhiteTeam "The Audible Checks"]
[BlackTeam "Cambridge University 1"]
[WhiteFideId "1801236"]
[BlackFideId "25630946"]
[EventDate "2024.11.23"]

1. d4 Nf6 2. c4 e6 3. g3 d5 4. Bg2 Bb4+ 5. Nd2 O-O 6. Nf3 b6 7. O-O Bb7 8. a3
Bd6 9. b4 dxc4 10. Nxc4 Bd5 11. Qc2 Be4 12. Qb2 Qe8 13. Ncd2 Bd5 14. Re1 Ne4 15.
Nxe4 Bxe4 16. Ng5 Bxg2 17. Qb1 f5 18. Kxg2 Nc6 19. Qd3 h6 20. Nf3 e5 21. dxe5
Nxe5 22. Qd5+ Qf7 23. Qxf7+ Rxf7 24. Bf4 Nxf3 25. Kxf3 Bf8 26. Rec1 g5 27. Bxc7
Rc8 28. Be5 Re8 29. Bd4 1/2-1/2

[Event "4NCL Div 2 2024-25"]
[Site "England ENG"]
[Date "2025.01.25"]
[Round "3.42"]
[White "Gallagher, Daniel GH"]
[Black "Blackburn, Jonathan L B"]
[Result "1/2-1/2"]
[BlackTitle "FM"]
[WhiteElo "2226"]
[BlackElo "2205"]
[WhiteTeam "Cambridge University 1"]
[BlackTeam "The Audible Checks"]
[WhiteFideId "436550"]
[BlackFideId "1801090"]
[EventDate "2024.11.23"]

1. e4 e6 2. d4 d5 3. Nd2 c5 4. Ngf3 cxd4 5. Nxd4 Ne7 6. exd5 Nxd5 7. Ne4 Be7 8.
Bb5+ Bd7 9. Qg4 O-O 10. Bh6 Bf6 11. O-O-O Be5 12. Bxd7 Qxd7 13. Nf3 Qc7 14. Nxe5
Qxe5 15. f4 f5 16. Qg3 Qc7 17. Nc5 Rf6 18. Bg5 Qxc5 19. Rxd5 exd5 20. Bxf6 Qf8
21. Be5 Nc6 22. Qb3 Qf7 23. Re1 Rd8 24. a3 Re8 25. Qd3 Re7 26. Kb1 a6 27. Qc3
Qg6 28. g3 Qh5 29. Qd3 Qf7 30. Re2 h6 31. Re1 Re8 32. Re2 Re7 33. Re1 Re8 34.
Re3 Re7 35. Ka1 Re8 36. Re2 Re7 37. Re3 Re8 38. Re1 Re7 39. Re2 Re8 40. Re3 Re7
41. Kb1 Re8 42. Bd6 Re4 43. Bc5 Qe6 44. Qd2 Kf7 45. b3 d4 46. Rxe4 fxe4 47. Bxd4
Nxd4 48. Qxd4 e3 49. Qd1 e2 50. Qe1 Qe3 51. c3 Kf6 52. g4 Qf3 53. Kc2 Qxg4 54.
Qf2 Qf3 55. Qd4+ Kf5 56. Qe5+ Kg6 57. Kd2 Kh7 58. Qf5+ Kh8 59. Qf8+ Kh7 60. Qf5+
Kh8 1/2-1/2

[Event "4NCL Div 2 2024-25"]
[Site "England ENG"]
[Date "2025.01.25"]
[Round "3.43"]
[White "Jones, Steven A"]
[Black "Goh, Jinghan Cameron"]
[Result "1-0"]
[WhiteElo "2198"]
[BlackElo "2101"]
[WhiteTeam "The Audible Checks"]
[BlackTeam "Cambridge University 1"]
[WhiteFideId "419630"]
[BlackFideId "5804540"]
[EventDate "2024.11.23"]

1. e4 c5 2. Nf3 e6 3. d4 cxd4 4. Nxd4 a6 5. Nc3 b5 6. Bd3 Bb7 7. O-O Qc7 8. Qe2
Bd6 9. Kh1 Nc6 10. Nxc6 Bxc6 11. f4 b4 12. Nd5 Qb7 13. Ne3 Be7 14. Nc4 Qc7 15.
e5 g6 16. a3 a5 17. f5 exf5 18. Bf4 Qb7 19. axb4 axb4 20. Nd6+ Bxd6 21. exd6+
Kf8 22. Rxa8+ Qxa8 23. Be5 f6 24. Bd4 h5 25. Re1 Rh7 26. b3 Bd5 27. Bc5 h4 28.
h3 Rh5 29. Bc4 Be4 30. Be3 Nh6 31. Bd2 Nf7 32. Qf2 Ng5 33. Kh2 Qa5 34. Bxg5 Rxg5
35. Rxe4 1-0

[Event "4NCL Div 2 2024-25"]
[Site "England ENG"]
[Date "2025.01.25"]
[Round "3.44"]
[White "Mihalik, Agoston"]
[Black "Saunders, Aron"]
[Result "1-0"]
[WhiteElo "2140"]
[BlackElo "2124"]
[WhiteTeam "Cambridge University 1"]
[BlackTeam "The Audible Checks"]
[WhiteFideId "719021"]
[BlackFideId "469343"]
[EventDate "2024.11.23"]

1. e4 c6 2. Nc3 d5 3. Nf3 Bg4 4. h3 Bxf3 5. Qxf3 e6 6. Be2 Bc5 7. O-O Nd7 8. Qg3
Bd4 9. d3 Ne7 10. Kh1 O-O 11. f4 Qc7 12. Bf3 Rad8 13. Ne2 Bb6 14. Bd2 Nf6 15.
Qe1 c5 16. g4 c4 17. e5 cxd3 18. cxd3 Ne8 19. Rc1 Qd7 20. Bb4 Be3 21. Rc2 d4 22.
Bg2 f6 23. Ng3 fxe5 24. fxe5 Nc7 25. Bd6 Rxf1+ 26. Nxf1 Ncd5 27. Nxe3 dxe3 28.
Be4 Rc8 29. Rxc8+ Nxc8 30. Bc5 b6 31. Bxe3 Nce7 32. Bd2 Nc6 33. Qh4 g6 34. Qg5
Qf7 35. Kg2 Ncb4 36. a3 Nc2 37. h4 Nd4 38. h5 Ne2 39. Bxd5 exd5 40. Qd8+ Qf8 41.
Qxd5+ 1-0

[Event "4NCL Div 2 2024-25"]
[Site "England ENG"]
[Date "2025.01.25"]
[Round "3.45"]
[White "Turner, Lewis A"]
[Black "Sivanandan, Bodhana"]
[Result "0-1"]
[BlackTitle "WFM"]
[WhiteElo "1995"]
[BlackElo "2073"]
[WhiteTeam "The Audible Checks"]
[BlackTeam "Cambridge University 1"]
[WhiteFideId "412600"]
[BlackFideId "497592"]
[EventDate "2024.11.23"]

1. e4 e5 2. Nf3 Nf6 3. d4 Nxe4 4. Bd3 d5 5. Nxe5 Nd7 6. Nxd7 Bxd7 7. O-O Bd6 8.
Qh5 O-O 9. Qxd5 Bc6 10. Qh5 Re8 11. Nc3 g6 12. Qh3 Nxc3 13. bxc3 Be4 14. c4 Qf6
15. c5 Bxc5 16. c3 Bd6 17. Bb2 Qf4 18. Bxe4 Rxe4 19. Bc1 Qf6 20. Qd3 Rae8 21.
Be3 Qh4 22. g3 Qh3 23. Bg5 h6 24. Bf6 R4e6 25. Qf3 Qf5 26. Qxf5 gxf5 27. Be5
Bxe5 28. dxe5 Rxe5 29. Rab1 b6 30. Rfd1 Rc5 31. Rd3 f4 32. Rb4 fxg3 33. hxg3 h5
34. Kf1 Re7 35. g4 Kg7 36. gxh5 Rxh5 37. Rc4 c5 38. a4 a5 39. Rf4 Rhe5 40. Rg3+
Kf8 41. Rd3 Ke8 42. Rh4 Rd7 43. Rg3 Ke7 44. Rh6 Re6 45. Rh4 Rd2 46. Rf4 Rd1+ 47.
Kg2 Rg6 48. Re4+ Kf6 49. Rxg6+ fxg6 50. Re8 Rd6 51. Re3 Kf5 52. Kf3 c4 53. Re8
Rd3+ 54. Ke2 Rxc3 55. Rc8 Ke4 56. Rc6 Rc2+ 57. Kd1 Rxf2 58. Rxc4+ Ke5 0-1

[Event "4NCL Div 2 2024-25"]
[Site "England ENG"]
[Date "2025.01.25"]
[Round "3.46"]
[White "Manmay Chopra"]
[Black "Taylor, William J"]
[Result "1-0"]
[WhiteTitle "CM"]
[WhiteElo "2156"]
[BlackElo "1985"]
[WhiteTeam "Cambridge University 1"]
[BlackTeam "The Audible Checks"]
[WhiteFideId "25649191"]
[BlackFideId "423130"]
[EventDate "2024.11.23"]

1. Nf3 d5 2. g3 c5 3. Bg2 Nc6 4. O-O Nf6 5. d3 g6 6. Nc3 Bg7 7. e4 O-O 8. h3 e6
9. Bd2 b6 10. Re1 d4 11. Ne2 Bb7 12. Nh2 b5 13. b3 Qd7 14. f4 Rfd8 15. g4 c4 16.
Rf1 a5 17. a3 Ba6 18. Be1 Qc8 19. Bh4 Re8 20. Bxf6 Bxf6 21. e5 Be7 22. Ng3 Ra7
23. Ne4 Nb8 24. f5 exf5 25. gxf5 gxf5 26. Ng3 Qe6 27. Nxf5 Kh8 28. Ng4 cxb3 29.
cxb3 Rg8 30. Nfh6 Rg7 31. Qf3 Bg5 32. Nf5 Rg8 33. Nd6 Rg7 34. Rae1 Rc7 35. Qa8
Rg8 36. Bd5 Be3+ 37. Kh1 Qg6 38. Bxf7 Rxf7 39. Nxf7+ Kg7 40. Nd6 b4 41. Nxe3 1-0

[Event "4NCL Div 2 2024-25"]
[Site "England ENG"]
[Date "2025.01.25"]
[Round "3.47"]
[White "Pilley, Jack"]
[Black "Lee, Richard W Y"]
[Result "1/2-1/2"]
[WhiteElo "1975"]
[BlackElo "2090"]
[WhiteTeam "The Audible Checks"]
[BlackTeam "Cambridge University 1"]
[WhiteFideId "343403840"]
[BlackFideId "418781"]
[EventDate "2024.11.23"]

1. e4 c5 2. Nf3 e6 3. g3 Nc6 4. Bg2 Nf6 5. Qe2 Qc7 6. O-O Be7 7. c3 d6 8. d3 O-O
9. Na3 a6 10. Bf4 b5 11. Nc2 Bb7 12. a4 b4 13. Nd2 a5 14. Rad1 Rfd8 15. h4 Ba6
16. c4 Nd7 17. b3 Bb7 18. Be3 Bf6 19. f4 Nd4 20. Bxd4 Bxd4+ 21. Nxd4 cxd4 22.
Qf2 e5 23. f5 f6 24. g4 Nc5 25. Qg3 Bc6 26. Ra1 Qe7 27. Kf2 Kf8 28. Ke2 Ke8 29.
Bf3 Kd7 30. g5 Ra7 31. Rg1 Kc8 32. Qg4 Be8 33. Rg3 Rdd7 34. Bh1 Rac7 35. Kd1 Qf8
36. Kc2 Kb7 37. Bf3 Kb6 38. Bd1 Re7 39. Kb2 Rcd7 40. Bc2 Kc7 41. Rag1 Kd8 42.
Nf1 Kc7 43. Nh2 Kd8 44. Qf3 Rc7 45. Bd1 Kc8 46. Qg2 Nd7 47. Ng4 Kb7 48. Be2 Kb6
49. Nf2 Kc5 50. Bg4 Rb7 51. Bd1 Rc7 52. Ng4 Rb7 53. Qf2 Kb6 54. Qd2 Rc7 55. Rh1
Kc5 56. h5 fxg5 57. Qxg5 h6 58. Qh4 Rc8 59. Rhg1 Rf7 60. Qh2 Qe7 61. Nf2 Nf6 62.
Ng4 Nxg4 63. Rxg4 Rc7 64. Qg3 Qf8 65. Qh4 Qe7 66. Qg3 1/2-1/2

[Event "4NCL Div 2 2024-25"]
[Site "England ENG"]
[Date "2025.01.25"]
[Round "3.51"]
[White "Dunn, Maxim"]
[Black "Bowcott-Terry, Finlay"]
[Result "1/2-1/2"]
[WhiteElo "1951"]
[BlackElo "2202"]
[WhiteTeam "Iceni 1"]
[BlackTeam "Warwickshire Select 1"]
[WhiteFideId "456551"]
[BlackFideId "449199"]
[EventDate "2024.11.23"]

1. Nf3 e6 2. e4 a6 3. d4 d5 4. exd5 exd5 5. h3 Nf6 6. Bd3 Bd6 7. O-O O-O 8. Nc3
h6 9. Re1 Nc6 10. a3 Be6 11. Ne2 Qd7 12. Bf4 Nh5 13. Bxd6 Qxd6 14. Qd2 Rae8 15.
g4 Nf6 16. Ng3 Bd7 17. c3 Ne4 18. Nxe4 dxe4 19. Bxe4 f5 20. Bxf5 Rxe1+ 21. Rxe1
Bxf5 22. gxf5 Rxf5 23. Qe3 Qg6+ 24. Kh2 Qf6 25. Qe8+ Qf8 26. Qxf8+ Kxf8 27. Kg3
Ne7 28. Re5 Rf6 29. Nd2 Rg6+ 30. Kf3 Rg1 31. Ke2 g5 32. Re6 Nd5 33. Kf3 Nf4 34.
Re5 Nxh3 35. d5 Nf4 36. Ne4 Rb1 37. b4 Rd1 38. c4 Rd4 39. Nc5 Rxc4 40. Nxb7 Rd4
41. Nc5 Kf7 42. Nxa6 Nxd5 43. Nc5 Rf4+ 44. Kg3 Nf6 45. Nd3 Rd4 46. Re3 Ne4+ 47.
Kg2 Nd6 48. Ne5+ Kf6 49. Nd7+ Kf7 50. Ne5+ Kg7 51. Nc6 Rg4+ 52. Kf1 Rc4 53. Re7+
Kf6 54. Rxc7 Nb5 55. Rf7+ Ke6 56. Nd8+ Ke5 1/2-1/2

[Event "4NCL Div 2 2024-25"]
[Site "England ENG"]
[Date "2025.01.25"]
[Round "3.52"]
[White "Shearsby, Jude"]
[Black "Cole, James"]
[Result "1-0"]
[WhiteTitle "CM"]
[WhiteElo "2152"]
[BlackElo "1974"]
[WhiteTeam "Warwickshire Select 1"]
[BlackTeam "Iceni 1"]
[WhiteFideId "462527"]
[BlackFideId "431818"]
[EventDate "2024.11.23"]

1. e4 c6 2. d4 d5 3. e5 Bf5 4. h4 h5 5. Bd3 Bxd3 6. Qxd3 e6 7. Nf3 Qa5+ 8. Nbd2
Qa6 9. c4 Bb4 10. b3 Ne7 11. O-O c5 12. Qc2 Bxd2 13. Bxd2 dxc4 14. dxc5 Nd7 15.
b4 b6 16. Rfc1 bxc5 17. bxc5 Nxc5 18. Qxc4 Qxc4 19. Rxc4 Nd7 20. Be3 Nd5 21.
Bxa7 O-O 22. Bd4 Ra3 23. Bb2 Ra6 24. g4 Rb8 25. Bc1 hxg4 26. Rxg4 Rb4 27. Rxb4
Nxb4 28. a4 Nc5 29. Bd2 Nb3 30. Ra3 Nxd2 31. Nxd2 Ra5 32. f4 Nd5 33. Nb3 Ra6 34.
a5 Nxf4 35. Nc5 Rc6 36. Nd7 Ra6 37. Nb8 Ra8 38. Nc6 Ra6 39. Nb4 Ra8 40. a6 Nd5
41. Nxd5 exd5 42. Kf2 Kf8 43. Ke3 Ke7 44. Kd4 Ke6 45. a7 f6 46. Ra6+ Kf5 47. e6
Kg4 48. e7 Kxh4 49. Re6 Re8 50. Rd6 1-0

[Event "4NCL Div 2 2024-25"]
[Site "England ENG"]
[Date "2025.01.25"]
[Round "3.53"]
[White "Hughes, Roy"]
[Black "Baker, Chris W"]
[Result "1/2-1/2"]
[BlackTitle "IM"]
[WhiteElo "2004"]
[BlackElo "2151"]
[WhiteTeam "Iceni 1"]
[BlackTeam "Warwickshire Select 1"]
[WhiteFideId "412481"]
[BlackFideId "401676"]
[EventDate "2024.11.23"]

1. d4 d6 2. Bf4 g6 3. Nc3 Bg7 4. e4 c6 5. Qd2 Nd7 6. Nf3 e5 7. Be3 Ngf6 8. Bh6
O-O 9. O-O-O Qa5 10. h4 Bxh6 11. Qxh6 Ng4 12. Qd2 h5 13. Ng5 exd4 14. Qxd4 Qc5
15. Qxc5 Nxc5 16. Rd2 Rd8 17. Be2 b5 18. Bxg4 hxg4 19. e5 d5 20. b4 Ne6 21. Ne2
a5 22. Nxe6 Bxe6 23. Nd4 axb4 24. Nxc6 Rxa2 25. Nxd8 Ra1+ 26. Kb2 Rxh1 27. g3
Re1 28. Nc6 Kg7 29. Nxb4 Rxe5 30. Nd3 Re4 31. Nf4 Rb4+ 32. Kc3 Rc4+ 33. Kb2 Rb4+ 1/2-1/2

[Event "4NCL Div 2 2024-25"]
[Site "England ENG"]
[Date "2025.01.25"]
[Round "3.54"]
[White "Valdepenas Octavio, Javier"]
[Black "Gibbs, Dominic V"]
[Result "1-0"]
[WhiteTitle "CM"]
[WhiteElo "2168"]
[BlackElo "1961"]
[WhiteTeam "Warwickshire Select 1"]
[BlackTeam "Iceni 1"]
[WhiteFideId "32051506"]
[BlackFideId "412090"]
[EventDate "2024.11.23"]

1. e4 e5 2. Nf3 Nc6 3. Bb5 a6 4. Ba4 Nf6 5. O-O Be7 6. d3 b5 7. Bb3 O-O 8. Nc3
d6 9. a3 Bg4 10. Be3 Nd4 11. Bxd4 exd4 12. Nd5 c5 13. h3 Be6 14. Nf4 Bxb3 15.
cxb3 Nd7 16. b4 Bg5 17. Nxg5 Qxg5 18. Nd5 f5 19. Nc7 fxe4 20. dxe4 Ne5 21. f4
Qd8 22. Nxa8 Nc4 23. Qh5 Qxa8 24. bxc5 Qxe4 25. cxd6 Nxd6 26. Qe5 Qxe5 27. fxe5
Nc4 28. Rxf8+ Kxf8 29. Rd1 Nxe5 30. Rxd4 Nc4 31. Rxc4 bxc4 32. Kf2 Ke7 33. Ke3
Kd6 34. Kd4 h5 35. Kxc4 h4 36. b4 Ke5 37. a4 Kf4 38. b5 axb5+ 39. axb5 Kg3 40.
b6 Kxg2 41. b7 Kxh3 42. b8=Q 1-0

[Event "4NCL Div 2 2024-25"]
[Site "England ENG"]
[Date "2025.01.25"]
[Round "3.55"]
[White "Gilmore, Simon N"]
[Black "Pitcher, John"]
[Result "1/2-1/2"]
[WhiteElo "1941"]
[BlackElo "2137"]
[WhiteTeam "Iceni 1"]
[BlackTeam "Warwickshire Select 1"]
[WhiteFideId "408719"]
[BlackFideId "411485"]
[EventDate "2024.11.23"]

1. e4 c5 2. c4 Nc6 3. Ne2 e6 4. Nbc3 Nge7 5. d4 cxd4 6. Nxd4 Nxd4 7. Qxd4 Nc6 8.
Qd3 Bc5 9. Be2 O-O 10. O-O a6 11. Na4 Bd4 12. Be3 e5 13. a3 d6 14. Rac1 Be6 15.
Nc3 f5 16. exf5 Bxf5 17. Qd2 Na5 18. Rce1 Rc8 19. Bxd4 Nb3 20. Qd1 Nxd4 21. Bd3
Qh4 22. Bxf5 Rxf5 23. Re4 Qd8 24. Ne2 Nxe2+ 1/2-1/2

[Event "4NCL Div 2 2024-25"]
[Site "England ENG"]
[Date "2025.01.25"]
[Round "3.56"]
[White "Dicen, Elis Denele"]
[Black "Moore, Gerald"]
[Result "1-0"]
[WhiteTitle "WFM"]
[WhiteElo "2129"]
[BlackElo "1938"]
[WhiteTeam "Warwickshire Select 1"]
[BlackTeam "Iceni 1"]
[WhiteFideId "462560"]
[BlackFideId "403440"]
[EventDate "2024.11.23"]

1. d4 f5 2. Bg5 g6 3. e3 Bg7 4. Nc3 c6 5. Nge2 d6 6. Qd2 h6 7. Bh4 g5 8. Bg3 e5
9. f3 Qe7 10. h4 Nd7 11. d5 c5 12. e4 f4 13. Bf2 a6 14. a4 Ngf6 15. g4 b6 16.
Nc1 O-O 17. Nd3 Rb8 18. b4 Ne8 19. Rb1 c4 20. Nb2 b5 21. axb5 axb5 22. Ra1 Rb7
23. Nbd1 Ndf6 24. Ra5 Bd7 25. Be2 Nc7 26. Qc1 Rfb8 27. Kf1 Nfe8 28. hxg5 hxg5
29. Kg2 Nf6 30. Qd2 Kf7 31. Nb2 Qd8 32. Rha1 Qc8 33. Qd1 Kg6 34. R1a2 Nfe8 35.
Qg1 Nf6 36. Nbd1 Nfe8 37. Be1 Nf6 38. Nf2 Qh8 39. Nh3 Qc8 40. Kh2 Qh8 41. Bf1
Bh6 42. Ra7 Qc8 43. R7a3 Qh8 44. Qg2 Qc8 45. Nd1 Qh8 46. Qe2 Qc8 47. Ndf2 Ra8
48. Ra5 Qb8 49. Qd1 Rba7 50. Qa1 Rxa5 51. Rxa5 Qb7 52. Kg2 Ra6 53. Bc3 Qa8 54.
Ng1 Bg7 55. Ne2 Rxa5 56. bxa5 Na6 57. Qa3 Bf8 58. Qb2 Qa7 59. Nc1 Nc5 60. Na2
Be7 61. Bb4 Bd8 62. Qa3 Na4 63. Bxd6 Qxa5 64. Bxe5 Nc3 1-0

[Event "4NCL Div 2 2024-25"]
[Site "England ENG"]
[Date "2025.01.25"]
[Round "3.57"]
[White "Sagues, Vincent"]
[Black "Fellowes, Billy"]
[Result "0-1"]
[BlackTitle "CM"]
[WhiteElo "1936"]
[BlackElo "2203"]
[WhiteTeam "Iceni 1"]
[BlackTeam "Warwickshire Select 1"]
[WhiteFideId "625680"]
[BlackFideId "483540"]
[EventDate "2024.11.23"]

1. e4 Nc6 2. Nf3 d6 3. d4 Nf6 4. Nc3 g6 5. h3 Bg7 6. Be3 O-O 7. Be2 e5 8. O-O
exd4 9. Nxd4 Re8 10. Nxc6 bxc6 11. Bd3 c5 12. Bg5 Bb7 13. Re1 h6 14. Bh4 Qc8 15.
Bb5 Re5 16. Bg3 Re7 17. e5 dxe5 18. Bxe5 Qf5 19. Bxf6 Rxe1+ 20. Qxe1 Bxf6 21.
Bd3 Qf4 22. Qe3 Qh4 23. Re1 Bd4 24. Qe2 Kg7 25. Nd1 Bc6 26. c3 Re8 27. Qf1 Be5
28. Ne3 Qf4 29. Ng4 Bd6 30. Rxe8 Bxe8 31. g3 Qd2 32. Qe2 Qc1+ 33. Kg2 Bc6+ 34.
f3 h5 35. Ne3 h4 36. g4 Bf4 37. Nc4 Qa1 38. a3 Bd5 39. Ne5 Qc1 40. Bc4 Be3 41.
Qf1 Qxb2+ 42. Qe2 Qxc3 43. Bxd5 Qxe5 44. Kf1 Qxd5 45. Qxe3 Qd4 46. Qe7 c4 47.
Qxc7 c3 48. f4 Qd3+ 49. Kf2 c2 50. Qe5+ Kh7 51. Qc7 Qd2+ 52. Kf3 Qd3+ 53. Kf2
Kg7 54. Qe5+ Kf8 55. Qc5+ Kg8 56. f5 Qd2+ 57. Kf3 c1=Q 0-1

[Event "4NCL Div 2 2024-25"]
[Site "England ENG"]
[Date "2025.01.25"]
[Round "3.58"]
[White "Fallowfield, Jeremy R"]
[Black "Latypova, Olga L"]
[Result "1-0"]
[WhiteElo "2052"]
[BlackElo "1812"]
[WhiteTeam "Warwickshire Select 1"]
[BlackTeam "Iceni 1"]
[WhiteFideId "405450"]
[BlackFideId "472476"]
[EventDate "2024.11.23"]

1. e4 c5 2. Nf3 e6 3. d4 cxd4 4. Qxd4 Nc6 5. Qe3 Nf6 6. Nc3 Bb4 7. a3 Ba5 8. Bd2
d6 9. O-O-O O-O 10. Nb5 Bb6 11. Qe1 Ng4 12. Bg5 Bxf2 13. Qe2 f6 14. Bf4 e5 15.
h3 exf4 16. hxg4 Be3+ 17. Kb1 Bxg4 18. Qc4+ Kh8 19. Nxd6 Qe7 20. Nh4 Ne5 21. Qd5
h6 22. Nhf5 Qc7 23. Bb5 Bxd1 24. Nxh6 Qxc2+ 25. Ka2 Qb3+ 26. Ka1 g6 27. Nhf5+
Bh5 28. Qxb3 1-0

[Event "4NCL Div 2 2024-25"]
[Site "England ENG"]
[Date "2025.01.25"]
[Round "3.61"]
[White "Mestel, A Jonathan"]
[Black "Korshunov, Sergey And."]
[Result "1/2-1/2"]
[WhiteTitle "GM"]
[BlackTitle "FM"]
[WhiteElo "2449"]
[BlackElo "2351"]
[WhiteTeam "The ADs"]
[BlackTeam "SchachAttack"]
[WhiteFideId "400122"]
[BlackFideId "34274715"]
[EventDate "2024.11.23"]

1. c4 e6 2. Nf3 Nf6 3. g3 d5 4. b3 d4 5. Bg2 c5 6. e3 Nc6 7. exd4 cxd4 8. O-O
Bd6 9. d3 O-O 10. Re1 e5 11. a3 a5 12. Nbd2 h6 13. c5 Bc7 14. Nc4 Re8 15. Nfd2
Bf5 16. Qc2 Qe7 17. Nb6 Rad8 18. Bb2 h5 19. Qc4 Be6 20. Qb5 Bxb6 21. cxb6 Bd5
22. Ne4 1/2-1/2

[Event "4NCL Div 2 2024-25"]
[Site "England ENG"]
[Date "2025.01.25"]
[Round "3.62"]
[White "Taylor, Adam A"]
[Black "Richardson, John R"]
[Result "0-1"]
[BlackTitle "FM"]
[WhiteElo "2270"]
[BlackElo "2259"]
[WhiteTeam "SchachAttack"]
[BlackTeam "The ADs"]
[WhiteFideId "415790"]
[BlackFideId "401617"]
[EventDate "2024.11.23"]

1. Nf3 Nf6 2. c4 e6 3. g3 b6 4. Bg2 Bb7 5. O-O c5 6. Nc3 Be7 7. Qa4 O-O 8. Rd1
d6 9. a3 Qc8 10. d3 Nc6 11. b4 Nd4 12. e4 Nxf3+ 13. Bxf3 Nd7 14. Bg2 f5 15. Bb2
Ne5 16. bxc5 bxc5 17. Ne2 Bf6 18. Rab1 Bc6 19. Qc2 Qa6 20. Nc3 Rab8 21. Qe2 Rb3
22. Ba1 Rxa3 23. Nb5 Ra2 24. Qe1 Rd8 25. Rd2 Rxd2 26. Qxd2 fxe4 27. Bxe5 dxe5
28. Qe1 exd3 29. Nc7 Qa4 30. Nxe6 d2 31. Qd1 Qxd1+ 32. Rxd1 Ba4 0-1